Thực dưỡng for dummies = Macrobiotics for dummies

Giới thiệu một cách thực hành thực dưỡng mới mẻ, nhấn mạnh vào cách tiếp cận tổng hòa cơ thể, trí tuệ và tinh thần. Thay vì dựa vào các truyền thống châu Á, cuốn sách giới thiệu một quan điểm đa văn hóa và vạch ra một cách chi tiế...

Celý popis

Uloženo v:
Podrobná bibliografie
Hlavní autor: Varona, Verne
Další autoři: Hoàng Lan (Dịch)
Médium: Kniha
Jazyk:Vietnamese
Vydáno: H. Lao động 2018
Vydání:Tái bản lần 1
Témata:
Tagy: Přidat tag
Žádné tagy, Buďte první, kdo otaguje tento záznam!
Thư viện lưu trữ: Thư viện Trường Đại học Nam Cần Thơ
LEADER 01397nam a22002177a 4500
001 NCT_59416
008 190215b xxu||||| |||| 00| 0 vie d
999 |c 2885  |d 2885 
020 |a 9786049710988  |c 169000 
082 0 4 |2 23rd ed.  |a 613.264  |b V548 
100 |a Varona, Verne 
245 1 0 |a Thực dưỡng for dummies =  |b Macrobiotics for dummies  |c Verne Varona ; Hoàng Lan (dịch) 
250 |a Tái bản lần 1 
260 |a H.  |b Lao động  |c 2018 
300 |a 580 tr.  |c 24cm 
520 3 |a Giới thiệu một cách thực hành thực dưỡng mới mẻ, nhấn mạnh vào cách tiếp cận tổng hòa cơ thể, trí tuệ và tinh thần. Thay vì dựa vào các truyền thống châu Á, cuốn sách giới thiệu một quan điểm đa văn hóa và vạch ra một cách chi tiết những nguyên tắc ít được biết đến của thực dưỡng, cùng với những ví dụ thực tế về cách áp dụng vào cuộc sống hằng ngày. 
653 |a Công nghệ thực phẩm 
700 1 |a Hoàng Lan  |e Dịch 
942 |2 ddc  |c BK 
952 |0 0  |1 0  |2 ddc  |4 0  |6 613_264000000000000_V548  |7 0  |9 15501  |a 000001  |b 000001  |d 2019-02-15  |o 613.264 V548  |p MD.14171  |r 2019-02-15  |v 169000.00  |w 2019-02-15  |y BK 
980 |a Thư viện Trường Đại học Nam Cần Thơ